Vom Wesen und den Formen der Schulung in der Ortsgruppe der NSDAP : (Record no. 3920)
[ view plain ]
| 000 -LEADER | |
|---|---|
| fixed length control field | 01093cam a22002651a 4500 |
| 001 - CONTROL NUMBER | |
| control field | af 48000087 |
| 003 - CONTROL NUMBER IDENTIFIER | |
| control field | DLC |
| 005 - DATE AND TIME OF LATEST TRANSACTION | |
| control field | 20260227110841.0 |
| 008 - FIXED-LENGTH DATA ELEMENTS--GENERAL INFORMATION | |
| fixed length control field | 890508s1941 gw b 000 0 ger c |
| 010 ## - LIBRARY OF CONGRESS CONTROL NUMBER | |
| LC control number | af 48000087 |
| 035 ## - SYSTEM CONTROL NUMBER | |
| System control number | (OCoLC)19673990 |
| 040 ## - CATALOGING SOURCE | |
| Original cataloging agency | Illinois Univ. Library |
| Transcribing agency | NcD |
| Modifying agency | NcD |
| -- | DLC |
| 042 ## - AUTHENTICATION CODE | |
| Authentication code | premarc |
| 050 00 - LIBRARY OF CONGRESS CALL NUMBER | |
| Classification number | DD253 |
| Item number | .E4 |
| 100 1# - MAIN ENTRY--PERSONAL NAME | |
| Personal name | Eitze, Werner. |
| 245 10 - TITLE STATEMENT | |
| Title | Vom Wesen und den Formen der Schulung in der Ortsgruppe der NSDAP : |
| Remainder of title | ein Beitrag zur Klärung der Funktion der weltanschaulich-politischen Erziehungsarbeit / |
| Statement of responsibility, etc. | von Werner Eitze ; mit einem Geleitwort von Hugo Stratmann und Prof. Dr. Deuchler. |
| 260 ## - PUBLICATION, DISTRIBUTION, ETC. | |
| Place of publication, distribution, etc. | Hamburg : |
| Name of publisher, distributor, etc. | M. Riegel, |
| Date of publication, distribution, etc. | 1941. |
| 300 ## - PHYSICAL DESCRIPTION | |
| Extent | 95 p. ; |
| Dimensions | 23 cm. |
| 440 #0 - SERIES STATEMENT/ADDED ENTRY--TITLE | |
| Title | Erziehungswissenschaftliche und Psychologische Studien ; |
| Volume/sequential designation | Heft 19 |
| 500 ## - GENERAL NOTE | |
| General note | "Von der Philosophischen Fakultät der Hansischen Universität [Hamburg] angenommenen Dissertation"--T.p. verso. |
| 504 ## - BIBLIOGRAPHY, ETC. NOTE | |
| Bibliography, etc. note | Bibliography: p. 92. |
| 610 20 - SUBJECT ADDED ENTRY--CORPORATE NAME | |
| Corporate name or jurisdiction name as entry element | Nationalsozialistische Deutsche Arbeiter-Partei. |
| 650 #0 - SUBJECT ADDED ENTRY--TOPICAL TERM | |
| Topical term or geographic name entry element | National socialism. |
| 650 #0 - SUBJECT ADDED ENTRY--TOPICAL TERM | |
| Topical term or geographic name entry element | Education |
| Geographic subdivision | Germany. |
No items available.